<?xml version="1.0" encoding="UTF-8"?>
<collection xmlns="http://www.loc.gov/MARC21/slim">
 <record>
  <leader>00891pamaa2200241   4500</leader>
  <controlfield tag="001">0000041443</controlfield>
  <controlfield tag="005">20130314090000.0</controlfield>
  <controlfield tag="008">070213                             eng  </controlfield>
  <datafield tag="020" ind1="0" ind2="0">
   <subfield code="a">0314160434 </subfield>
  </datafield>
  <datafield tag="090" ind1="0" ind2="0">
   <subfield code="a">KF390.5.C6 </subfield>
   <subfield code="b">MAG 2005</subfield>
  </datafield>
  <datafield tag="100" ind1="1" ind2="0">
   <subfield code="a">MAGGS </subfield>
  </datafield>
  <datafield tag="245" ind1="1" ind2="0">
   <subfield code="a">Internet and computer law : </subfield>
   <subfield code="b">cases, comments, questions  </subfield>
   <subfield code="c">Peter B. Maggs, John T. Soma, James A. Sprowl.</subfield>
  </datafield>
  <datafield tag="250" ind1="0" ind2="0">
   <subfield code="a">2nd ed.</subfield>
  </datafield>
  <datafield tag="260" ind1="0" ind2="0">
   <subfield code="a">St. Paul, MN: </subfield>
   <subfield code="b">Thomson/West, </subfield>
   <subfield code="c">2005.</subfield>
  </datafield>
  <datafield tag="300" ind1=" " ind2=" ">
   <subfield code="a">xxv, 812p.; </subfield>
   <subfield code="c">27 cm.</subfield>
  </datafield>
  <datafield tag="440" ind1="0" ind2="0">
   <subfield code="a">American casebook series</subfield>
  </datafield>
  <datafield tag="501" ind1="0" ind2="0">
   <subfield code="a">DLLUK</subfield>
  </datafield>
  <datafield tag="504" ind1="0" ind2="0">
   <subfield code="a">Includes bibliographical references and index</subfield>
  </datafield>
  <datafield tag="650" ind1="0" ind2="0">
   <subfield code="a">Internet -- </subfield>
   <subfield code="x">Law and legislation -- </subfield>
   <subfield code="x">Cases -- </subfield>
   <subfield code="z">United States </subfield>
  </datafield>
  <datafield tag="650" ind1="0" ind2="0">
   <subfield code="a">Computer networks -- </subfield>
   <subfield code="x">Law and legislation -- </subfield>
   <subfield code="x">Cases -- </subfield>
   <subfield code="z">United States </subfield>
  </datafield>
  <datafield tag="650" ind1="0" ind2="0">
   <subfield code="a">Internet -- </subfield>
   <subfield code="x">Government policy -- </subfield>
   <subfield code="z">United States </subfield>
  </datafield>
  <datafield tag="700" ind1="1" ind2="1">
   <subfield code="a">Soma, </subfield>
   <subfield code="h">John T. </subfield>
  </datafield>
  <datafield tag="700" ind1="1" ind2="1">
   <subfield code="a">Sprowl, </subfield>
   <subfield code="h">James A. </subfield>
  </datafield>
 </record>
</collection>
